Cuatro sexenios y un cine dorado : breve reseña político-cinematográfica de México, 1934-1958 /
Análisis de la industria del cine mexicano durante los años 1934-1958 y la influencia, directa o indirecta, de diversos acontecimientos del contexto sociopolítico contemporáneo en su desarrollo, en el que el autor busca a su vez delimitar y definir la llamada "época de oro" del cine mexicano. Adapta...
Αποθηκεύτηκε σε:
| Κύριος συγγραφέας: | |
|---|---|
| Άλλοι συγγραφείς: | |
| Μορφή: | Βιβλίο |
| Γλώσσα: | Ισπανικά |
| Έκδοση: |
México :
Benma : Instituto Tecnológico y de Estudios Superiores de Monterrey, Campus Ciudad de México,
2015, c2015
|
| Θέματα: | |
| Ετικέτες: |
Δεν υπάρχουν, Καταχωρήστε ετικέτα πρώτοι!
|
MARC
| LEADER | 00000nam^a2200000^a^4500 | ||
|---|---|---|---|
| 001 | 000357945 | ||
| 005 | 20250521000000.0 | ||
| 009 | 20260310115315.366 | ||
| 020 | |a 978-607-96474-5-2 | ||
| 037 | |a Acervo ITESO - Biblioteca | ||
| 041 | |a ESP | ||
| 082 | |a 302. 2350972 |b BAR | ||
| 100 | |a Barradas Gurruchaga, Andrés |e (autor) | ||
| 245 | 1 | 0 | |a Cuatro sexenios y un cine dorado : |b breve reseña político-cinematográfica de México, 1934-1958 / |c A. Barradas Gurruchaga ; pról. de L. de Llano Macedo. |
| 264 | 4 | |a México : |b Benma : |b Instituto Tecnológico y de Estudios Superiores de Monterrey, Campus Ciudad de México, |c 2015, c2015 | |
| 300 | |a 149 p. | ||
| 336 | |a texto |b txt |2 rdacontenido | ||
| 337 | |a sin mediación |b n |2 rdamedio | ||
| 338 | |a volumen |b nc |2 rdasoporte | ||
| 520 | |a Análisis de la industria del cine mexicano durante los años 1934-1958 y la influencia, directa o indirecta, de diversos acontecimientos del contexto sociopolítico contemporáneo en su desarrollo, en el que el autor busca a su vez delimitar y definir la llamada "época de oro" del cine mexicano. Adaptación de la tesis del autor presentada en 2010, bajo la dirección de Román Gubern, para obtener el Doctorado de Comunicación Audiovisual y Publicidad, en la Universidad Autónoma de Barcelona (UAB). | ||
| 649 | |a XX | ||
| 650 | |a Cine Mexicano - |x Historia y Crítica - |x Tema Principal | ||
| 650 | |a Cine Mexicano - |y 1930-1939 | ||
| 650 | |a Cine Mexicano - |y 1940-1949 | ||
| 650 | |a Cine Mexicano - |y 1950-1959 | ||
| 650 | |a Cine Mexicano - |y Siglo XX | ||
| 650 | |a Comunicación y Política - |z México - |x Historia - |y 1928-2000 | ||
| 650 | |a Comunicación y Política - |z México - |x Historia - |y Siglo XX | ||
| 700 | |a Llano Macedo, Luis de |e (prólogo) | ||
| 910 | |a Fondo General | ||
| 920 | |a Impresos - Libros | ||
| 930 | |a Colección General | ||
| 905 | |a 101 | ||
| 901 | |a 0500250547 |b IT1 |c ACC |i C147643 |u 20250521 | ||
| 902 | |a https://opac.biblio.iteso.mx/vufind/Record/000357945 | ||